000 01942nam a22002537a 4500
999 _c63118
_d63118
003 Ge_BSU
005 20250605171743.0
008 250605s2018 ge ||||| |||| 00| 0 geo d
020 _a9789941476761
041 _ageo
080 _a51(075.8) მ-15
245 _aმათემატიკა : მე-5 კლასი :
_bმოსწავლის წიგნი. ნაწილი 3 /
_cგურამ გოგიშვილი, თეიმურაზ ვეფხვაძე, ია მებონია, ლამარა ქურჩიშვილი; რედაქტორი თეიმურაზ ვეფხვაძე; მხატვარი ნინო ფერაძე; გარეკანის დიზაინერები: გურამ გოგიშვილი, ილია ხელაია.
264 _aთბილისი :
_bინტელექტი,
_c2018.
300 _a132 გვ. :
_bილ.
_c28 სმ.
500 _aგრიფი მინიჭებულია საქართველოს განათლების, მეცნიერების, კულტურისა და სპორტის სამინისტროს მიერ 2018 წლის 24 ივლისს, ბრძანება #25
653 _a მათემატიკა
700 _aგოგიშვილი, გურამ
_e ავტორი
_925279
700 _aვეფხვაძე, თეიმურაზ
_eავტორი
_925280
700 _aმებონია, ია
_eავტორი
_925281
700 _aქურჩიშვილი, ლამარა
_eავტორი
_925282
700 _aფერაძე, ნინო
_eმხატვარი
_913832
700 _aხელაია, ილია
_eგარეკანის დიზაინერი
_925283
942 _2udc
_cᲬᲘᲒᲜᲘ